Ingeniería de aguas residuales: Tratamiento, vertido y reutilización

Bewaard in:
Bibliografische gegevens
Hoofdauteurs: Tchobanoglous, George (Auteur), Burton, Franklin L (Auteur)
Formaat: Boek
Taal:Spaans
Gepubliceerd in: Madrid McGraw-Hill 1995
Editie:3a. ed
Onderwerpen:
Tags: Voeg label toe
Geen labels, Wees de eerste die dit record labelt!

MARC

LEADER 00000nam a2200000 a 4500
001 UCZ4120
003 CL-VaPUC
008 951106e19950000SP |||||||||||||||||spa|d
020 |a 8448116127 
020 |a 8448117271v.1 
020 |a 8448116062v.2 
082 0 4 |a 628.1  |b TCH  |2 21 
100 0 |a Tchobanoglous, George  |e author  |9 348054 
700 0 |a Burton, Franklin L  |e author  |9 348055 
245 1 0 |a Ingeniería de aguas residuales: Tratamiento, vertido y reutilización 
250 |a 3a. ed 
300 |a v 
942 |c BK 
945 |d 19951106 00:00:00  |a rleighto 
260 |a Madrid  |b McGraw-Hill  |c 1995 
650 0 |a Aguas residuales   |9 262614 
650 7 |a CONTAMINANTES  |2 CL-VaPUC  |9 259641 
650 7 |a DESHECHOS  |2 CL-VaPUC  |9 348056 
650 0 |a Contaminación del agua  |9 261423 
650 7 |a INGENIERIA SANITARIA  |2 CL-VaPUC  |9 262866 
650 0 |a Ingeniería ambiental  |9 328689 
650 0 |a Salud pública  |9 258913 
583 |a last modification  |c 19951106 00:00:00  |k Rodrigo Vera 
999 |c 240539  |d 240537 
952 |0 0  |1 0  |4 0  |6 628_100000000000000_TCH_1995  |7 0  |8 A  |9 252464  |a BIBING  |b BIBING  |d 2019-11-18  |h v.1  |i 3146685  |o 628.1 TCH 1995  |p 3146685  |r 2025-01-20  |w 2019-11-18  |y BK  |k CCL 
952 |0 0  |1 0  |4 0  |6 628_100000000000000_TCH_1995  |7 0  |8 A  |9 252465  |a BIBING  |b BIBING  |d 2019-11-18  |h v.2  |i 3146693  |o 628.1 TCH 1995  |p 3146693  |r 2025-01-20  |w 2019-11-18  |y BK  |k CCL 
952 |0 0  |1 0  |4 0  |6 628_100000000000000_TCH_1995  |7 0  |8 A  |9 252466  |a BIBING  |b BIBING  |d 2019-11-18  |h v.1  |i 3853667  |o 628.1 TCH 1995  |p 3853667  |r 2025-01-20  |w 2019-11-18  |y BK  |k EIB 
952 |0 0  |1 0  |4 0  |6 628_100000000000000_TCH_1995  |7 0  |8 A  |9 252467  |a BIBING  |b BIBING  |d 2019-11-18  |h v.2  |i 3853675  |o 628.1 TCH 1995  |p 3853675  |r 2023-03-02  |w 2019-11-18  |y BK  |k EIB 
952 |0 0  |1 0  |4 0  |6 628_100000000000000_TCH_1995  |7 0  |8 A  |9 252468  |a BIBING  |b BIBING  |d 2019-11-18  |h v.1  |i 3960498  |o 628.1 TCH 1995  |p 3960498  |r 2025-01-20  |w 2019-11-18  |y BK  |k CCL 
952 |0 0  |1 0  |4 0  |6 628_100000000000000_TCH_1995  |7 0  |8 A  |9 252469  |a BIBING  |b BIBING  |d 2019-11-18  |h v.1  |i 3960501  |o 628.1 TCH 1995  |p 3960501  |r 2025-01-20  |w 2019-11-18  |y BK  |k CCL 
952 |0 0  |1 0  |4 0  |6 628_100000000000000_TCH_1995  |7 0  |8 A  |9 252470  |a BIBING  |b BIBING  |d 2019-11-18  |h v.2  |i 396051K  |o 628.1 TCH 1995  |p 396051K  |r 2025-01-20  |w 2019-11-18  |y BK  |k CCL 
952 |0 0  |1 0  |4 0  |6 628_100000000000000_TCH_1995  |7 0  |8 A  |9 252471  |a BIBING  |b BIBING  |d 2019-11-18  |h v.2  |i 3960528  |o 628.1 TCH 1995  |p 3960528  |r 2025-01-20  |w 2019-11-18  |y BK  |k CCL